|
|
|
|
| LEADER |
00000nim a2200000 a 4500 |
| 001 |
vtls011889880 |
| 003 |
SK-MaSNL |
| 005 |
20260301051930.0 |
| 007 |
sd fungnnmmned |
| 008 |
190927s2019 xo nnnnfs f n slo |
| 015 |
|
|
|a SNBJ2021
|
| 020 |
|
|
|a 9788018084007 (CDROM)
|
| 040 |
|
|
|a SNK
|b slo
|c SNK
|e AACR2
|
| 041 |
0 |
|
|a slo
|
| 043 |
|
|
|a a-cc---
|a s------
|
| 044 |
|
|
|a xo
|c SK
|
| 080 |
|
|
|a (086.76)
|2 2011
|
| 080 |
|
|
|a 82-311.8
|2 2011
|
| 080 |
|
|
|a (510)
|2 2011
|
| 080 |
|
|
|a (8)
|2 2011
|
| 100 |
1 |
|
|a Jambrich, Ľudo,
|d 1969-
|4 aut
|9 211938
|
| 245 |
1 |
0 |
|a Exotické kontinenty SKRZ NASKRZ
|h elektronický zdroj
|c Ľudo Jambrich ; číta: Igor Šabek
|
| 260 |
|
|
|a Levoča
|b Slovenská knižnica pre nevidiacich Mateja Hrebendu
|c 2019
|
| 300 |
|
|
|a 1 elektronický optický disk (CD-ROM)
|b digitálny; MP3
|c 12cm
|
| 306 |
|
|
|a 113000
|
| 520 |
8 |
|
|a Dobrodružno-úsmevné cestovanie Čínou a Južnou Amerikou
|
| 521 |
|
|
|a Pre nevidiacich, slabozrakých a inak zdravotne postihnutých
|
| 651 |
|
7 |
|a Čína
|2 SNKPHgeo
|9 21369
|
| 651 |
|
7 |
|a Južná Amerika
|2 SNKPHgeo
|9 29889
|
| 655 |
|
7 |
|a CD-ROM
|2 SNKPH
|9 70236
|
| 655 |
|
7 |
|a zvukové záznamy
|2 SNKPH
|9 70720
|
| 655 |
|
7 |
|a cestopisné romány
|2 SNKPH
|9 1789
|
| 700 |
1 |
|
|a Šabek, Igor,
|d 1958-
|4 nrt
|9 312846
|
| 919 |
|
|
|a 978-80-18-08400-7
|
| 958 |
|
|
|a SX
|
| 999 |
|
|
|c 604621
|d 606551
|
| 952 |
|
|
|a SNK
|b SNK
|y PREZ
|7 0
|p 17A1448788
|o snkSCD 5451
|i snk2021/42
|8 0
|0 0
|1 0
|4 0
|d 2021-01-08
|l 0
|r 2026-02-23 16:05:17
|w 2026-02-23
|